|
|
|
|
| LEADER |
00000cam a2200000 a 4500 |
| 001 |
vtls010194094 |
| 003 |
SK-MaSNL |
| 005 |
20260302081834.0 |
| 008 |
180809s2010 xo a e f 000 0 slo |
| 020 |
|
|
|a 9788089333165
|q (brož.)
|
| 035 |
|
|
|a 9FF6A7B6-1702-4DE0-A855-6D32B92319FC
|
| 035 |
|
|
|a urn:nbn:sk:snk-amleb5
|
| 035 |
|
|
|a urn:nbn:sk:snk-am008z4x
|
| 040 |
|
|
|a SNK
|b slo
|c SNK
|e AACR2
|
| 041 |
0 |
|
|a slo
|
| 044 |
|
|
|a xo
|c SK
|
| 072 |
|
7 |
|a 005
|x Manažment. Riadenie
|2 konspekt
|
| 080 |
|
|
|a 005.61
|2 2001
|
| 080 |
|
|
|a 330.341.1
|2 2001
|
| 080 |
|
|
|a 658:001.895
|2 2001
|
| 080 |
|
|
|a 005.342
|2 2001
|
| 080 |
|
|
|a (035)
|2 2001
|
| 080 |
|
|
|a 005.332.4
|2 2001
|
| 245 |
0 |
0 |
|a Produktivita a inovácie
|c editoval: Milan Gregor, Branislav Mičieta
|
| 250 |
|
|
|a 1. vyd.
|
| 260 |
|
|
|a Bratislava
|b Slovenské centrum produktivity
|c 2010
|
| 300 |
|
|
|a 311 s.
|b ilustr., tab., sch.
|c 19 cm
|
| 366 |
|
|
|e 1000 výt.
|
| 504 |
|
|
|a Bibliogr. odkazy
|
| 650 |
0 |
7 |
|a produktivita
|2 SNKPH
|9 14205
|
| 650 |
0 |
7 |
|a inovácie
|2 SNKPH
|9 2291
|
| 650 |
0 |
7 |
|a inovačné podnikanie
|2 SNKPH
|9 4383
|
| 650 |
0 |
7 |
|a manažment inovácií
|2 SNKPH
|9 931
|
| 650 |
0 |
7 |
|a Productivity
|2 SNKPHeng
|9 267928
|
| 650 |
0 |
7 |
|a Innovations
|2 SNKPHeng
|9 74114
|
| 650 |
0 |
7 |
|a Innovative business
|2 SNKPHeng
|9 319364
|
| 650 |
0 |
7 |
|a Management of innovation
|2 SNKPHeng
|9 313542
|
| 650 |
0 |
7 |
|a konkurencieschopnosť
|2 SNKPH
|9 15191
|
| 650 |
0 |
7 |
|a Competitiveness
|2 SNKPHeng
|9 314755
|
| 655 |
|
7 |
|a príručky
|2 SNKPH
|9 74364
|
| 655 |
|
7 |
|a Handbooks, manuals, etc.
|2 SNKPHeng
|9 90964
|
| 700 |
1 |
|
|a Gregor, Milan,
|d 1955-
|4 aut
|9 108272
|
| 700 |
1 |
|
|a Mičieta, Branislav,
|d 1955-
|4 edt
|9 108273
|
| 852 |
|
|
|a Štátna vedecká knižnica v Banskej Bystrici
|
| 919 |
|
|
|a 978-80-89333-16-5
|
| 958 |
|
|
|a NB
|
| 958 |
|
|
|a OND
|
| 968 |
|
|
|d 0
|
| 999 |
|
|
|c 1177983
|d 1179913
|
| 952 |
|
|
|a SNK
|b SNK
|y PREZ
|7 0
|p 17A0682867
|o snkSC 143289
|i snk2010/27988
|8 0
|0 0
|1 0
|4 0
|d 2010-12-17
|l 0
|r 2025-07-11 00:00:00
|w 2026-02-24
|
| 952 |
|
|
|a SNK
|b SNK
|y VYP
|7 0
|p 17A0682866
|o snkSC 143289 D1
|i snk2010/27989
|8 0
|0 0
|1 0
|4 0
|d 2010-12-17
|f 1
|l 0
|r 2026-02-24 21:28:16
|w 2026-02-24
|